عرض عادي
عرض مارك
- المنظمات الدولية
مدخل مصطلح موضوعي
001 - رقم الضبط
- حقل الضبط: 12301
003 - معرف رقم الضبط
- حقل الضبط: OSt
005 - تاريخ ووقت أخر عملية
- حقل الضبط: 20120503113958.0
008 - عناصر بيانات ثابتة الطول
- حقل تحكم ثابت الطول: 120503|||a|||||| | ||| d
040 ## - مصدر الفهرسة
- هيئة الفهرسة الأصلية: OSt
- وكالة الكتابة: OSt
150 ## - مدخل-- مصطلح تاريخي
- عنصر مدخل المصطلح الموضوعي او الاسم الجغرافي: المنظمات الدولية
- تفريع عام: إدارة.
670 ## - بيانات المصدر موجوده
- الاستشهاد بالمصدر: Work cat.: (OSt): صالح، أحمد علي. 12299, إدارة الأعمال الدولية :, 2012.
